000 01489nam a2200253Ia 4500
999 _c56618
_d56618
001 23739
003 GE_BSU
005 20191031111033.0
008 181216s2012||||ge |||||||||||||| ||geo||
020 _a9789941424786
040 _cGE_BSU
041 _ageo
080 _a811.111(09)(075.8):81'362 მ-58
100 _aმესხი, ანა.
_96
245 _aინგლისური ენის ისტორია : 2 წიგნად : იბერიული პრეისტორიის ფონზე : წ. 1 :
_bსახელმძღვანელო /
_cანა მესხი ; დიზ : დალი ჯვარშეიშვილი .
264 _aთბილისი :
_bმწიგნობარი,
_c2012.
300 _a266 გვ. :
_bცხრ., ილ.;
_c24 სმ.
504 _aბიბლიოგრაფია ტექსტის შენიშვნებში.
520 _aიბეჭდება დავით მესხის ფინანს. მხარდაჭერით
653 _aინგლისური ენის ისტორია სახელმძღვანელოები უმაღლესი სასწავლებლებისათვის
653 _aშედარებითი ლინგვისტიკა.
700 _aჯვარშეიშვილი, დალი
_eდიზაინერი
_95164
942 _cBK
_2udc